000 01866cam a22004934i 4500
003 PE-LiUPU
005 20250731173017.0
008 150623s r 000 0 d
020 _a1573120901
035 _a(Sirsi) i9781573120906
040 _aPE-LiUPU
_bspa
_cPE-LiUPU
_erda
049 _aPRUA
082 0 4 _a261.72
_bP26
_221
100 1 _aParry, Pam,
_eautor.
245 1 0 _aOn guard for religious liberty :
_bsix decades of the Baptist Joint Committee /
_cPam Parry.
264 1 _aMacon, Georgia :
_bSmyth and Helwys Publishing, Inc.,
_c1996.
300 _a85 páginas :
_bilustraciones fotos ;
_c23 centímetros
336 _atext
_2rdacontent
337 _aunmediated
_2rdamedia
338 _avolume
_2rdacarrier
505 0 _aFreedom's roots. -one voice. -The scorecard. -To pray or not to pray. -Liberty versus luxury. -The prodigal parent. -The next sixty.
526 _aSEG42
526 _aSEG41
526 _aSEG40
526 _aSEG39
526 _aP94
526 _aP87
526 _aP86
526 _aP85
526 _aP77
526 _aP76
526 _aP35
610 2 _aBautista Comité Conjunto de Asuntos Públicos
_xHistoria
610 2 _aConvención Bautista del Sur
_xHistoria
_ySiglo XX.
650 0 4 _aEstados Unidos
_xConstitución. Primera enmienda.
650 0 4 _aIglesia y estado
_zEstados Unidos
_xHistoria
_ySiglo XX.
650 0 4 _aLibertad de religión
_zEstados Unidos
_xHistoria
_ySiglo XX.
942 _2ddc
_cBOOK
949 _a261.72 P26
_wDEWEY
_c1
_i47322
_lCCODEBUL1
_mBUL
_r0
_sY
_tBOOK
_u2015-6-24
_xTEOLOGIA
_PP35
_0COMPRA
_o.STAFF. Colección General
994 _aC0
_bPEPRU
596 _a1
999 _a261.72 P26
_wDEWEY
_c23872
_i47322
_f2021-11-10
_g5
_lCCODEBUL1
_mBUL
_r0
_sY
_tBOOK
_u2015-6-24
_xTEOLOGIA
_PP35
_0COMPRA
_o.STAFF. Colección General
_d23872
980 _81
_gALBERTO SANCHEZ Responsable de Automatización